| 000 | 00875nam a2200253 i 4500 | ||
|---|---|---|---|
| 001 | 14823 | ||
| 003 | ES-MaACL | ||
| 005 | 20250911063524.0 | ||
| 007 | t| | ||
| 008 | 990616s1969 sp ||||1| spa d | ||
| 080 | _a821.134.2-821"16" | ||
| 100 | 1 |
_aGracián, Baltasar, _d1601-1658 _959478 |
|
| 245 | 1 | 0 |
_aObras completas / _cBaltasar Gracián ; edición y estudio preliminar de Miguel Batllori y Ceferino Peralta. |
| 260 |
_aMadrid : _bAtlas, _c1969. |
||
| 300 |
_a1 vol. ; _c26 cm. |
||
| 490 | 1 |
_aBiblioteca de autores españoles ; _v229 |
|
| 505 | 8 | _aI. El heroe. El político. El discreto. Oráculo manual | |
| 700 | 1 |
_aBatllori, Miguel. _926460 |
|
| 700 | 1 |
_aPeralta, Ceferino. _990369 |
|
| 830 | 0 |
_aBiblioteca de autores españoles (Atlas) ; _v229 _9236321 |
|
| 852 |
_aES-MaACL _jJ-51 vol. 229 _bR.127390 |
||
| 942 | _2udc | ||
| 999 |
_c14823 _d14823 |
||